000 00871nam a2200265 a 4500
001 BRL_812
005 20190320210916.0
008 091013s1985----mx-#######---#000-0#spa-#
020 _a9686011986
041 _aspa
044 _amx
050 4 _aLC2631
_b.A66 1985
245 1 0 _aAportaciones indias a la educación
_cantología preparado por Gerardo López y Sergio Velasco.
260 _aMéxico
_bSEP, Subsecretaría de Cultura, Dirección General de Publicaciones ; Ediciones Caballito
_c1985
300 _a157 p.
_c21 cm.
440 0 _aBiblioteca Pedagógica
_925015
500 _aAu917
500 _aEstado físico: Desprendimiento de hojas.
650 1 4 _aEducación rural
_zMéxico
_925016
650 1 4 _aIndígenas en México
_xEducación
_925017
700 1 _aLópez, Gerardo
_925018
700 1 _aVelasco, Sergio
_925019
902 _aGRL
942 _2lcc
_cB
999 _c9624
_d9624